| 000 -LEADER |
| fixed length control field |
00988cam a2200265 a 4500 |
| 001 - CONTROL NUMBER |
| control field |
011068407 |
| 003 - CONTROL NUMBER IDENTIFIER |
| control field |
UkOxU |
| 005 - DATE AND TIME OF LATEST TRANSACTION |
| control field |
20191223092133.0 |
| 008 - FIXED-LENGTH DATA ELEMENTS--GENERAL INFORMATION |
| fixed length control field |
930222r19921991enk 000 1 eng |
| 015 ## - NATIONAL BIBLIOGRAPHY NUMBER |
| National bibliography number |
GB 93-12543 |
| 020 ## - INTERNATIONAL STANDARD BOOK NUMBER |
| International Standard Book Number |
0552134651 |
| 020 ## - INTERNATIONAL STANDARD BOOK NUMBER |
| International Standard Book Number |
9780552134651 |
| 035 ## - SYSTEM CONTROL NUMBER |
| System control number |
BNB issue 2229 |
| 040 ## - CATALOGING SOURCE |
| Transcribing agency |
KH8 |
| 082 ## - DEWEY DECIMAL CLASSIFICATION NUMBER |
| Classification number |
FIC PRA |
| 100 1# - MAIN ENTRY--PERSONAL NAME |
| Personal name |
Pratchett, Terry. |
| Relator term |
author |
| 245 10 - TITLE STATEMENT |
| Title |
Witches abroad / |
| Statement of responsibility, etc. |
Terry Pratchett |
| 260 ## - PUBLICATION, DISTRIBUTION, ETC. |
| Place of publication, distribution, etc. |
London : |
| Name of publisher, distributor, etc. |
Corgi, |
| Date of publication, distribution, etc. |
1992, c1991 |
| 300 ## - PHYSICAL DESCRIPTION |
| Extent |
285 p |
| Dimensions |
18 cm. |
| 440 ## - SERIES STATEMENT/ADDED ENTRY--TITLE |
| Title |
Discworld novel |
| 500 ## - GENERAL NOTE |
| General note |
First published: London : Gollancz, 1991 |
| 520 ## - SUMMARY, ETC. |
| Summary, etc. |
It seemed an easy job... After all, how difficult could it be to make sure that a servant girl doesn't marry a prince? But for the witches Granny Weatherwax, Nanny Ogg and Magrat Garlick, travelling to the distant city of Genua, things are never that simple...Servant girls have to marry the prince. You can't fight a Happy Ending. |
| 655 ## - INDEX TERM--GENRE/FORM |
| Genre/form data or focus term |
Fantasy |
| 942 ## - ADDED ENTRY ELEMENTS (KOHA) |
| Source of classification or shelving scheme |
|
| Koha item type |
Books - Fiction |